Communes d'Auvergne-Rhône-Alpes par initiale - Statistiques

Statistiques générales
  • Ce quiz a été pris 51 fois
  • Le résultat moyen est 7 sur 18
Statistiques - réponses
Indice 1 Indice 2 Commune % Correct
G Plus grande métropole des Alpes, ce qui lui vaut le surnom, en France, de « capitale des Alpes » Grenoble
91%
A Commune, station balnéaire et thermale française, située dans le département de la Savoie en région Auvergne-Rhône-Alpes. Ville porte du parc naturel régional du massif des Bauges et bordée par le plus grand lac naturel d'origine glaciaire de France, le lac du Bourget Aix-les-Bains
81%
R C'est avec Montbrison, l'une des deux sous-préfectures du département de la Loire. Roanne
79%
A Commune située dans le département de la Haute-Savoie, en région Auvergne-Rhône-Alpes. La ville se trouve à la frontière franco-suisse, au sud-ouest du Léman, dans l'aire urbaine de Genève-*** et l'agglomération du Grand Genève Annemasse
62%
E Située dans la partie sud de l'agglomération grenobloise, entre le Drac, principal affluent de l'Isère qui borde les falaises du massif du Vercors (situées à l'ouest) et les premiers contreforts de modestes reliefs situés en avant poste de la chaîne de Belledonne (au sud et au sud-est). Echirolles
57%
R Située au nord de l'Auvergne, la ville fut dès 1210 capitale de la Terre d'Auvergne puis du duché d'Auvergne. Par son histoire et son patrimoine bâti la ville est classée Pays d'Art et d'histoire. Riom
55%
E Commune de Haute-Savoie en région Auvergne-Rhône-Alpes, chef-lieu de canton et ville centre d'une communauté de communes, située sur les bords du Léman. la ville est mondialement connue comme stationthermale Evian-les-Bains
49%
S Renommée Armeville à la Révolution française, est une commune française située dans le quart sud-est de la France, en région Auvergne-Rhône-Alpes. C'est un chef-lieu de département Saint-Etienne
45%
E Située en banlieue ouest de Lyon, dont elle est une commune limitrophe. Ecully
43%
N La ville s'est formée autour d'un monastère de bénédictins, fondé en 671 par saint Amand, et de l'église par laquelle le corps de Charles II le Chauve aurait transité. L'abbaye bénédictine édifiée au VIIIe siècle est ravagée par les Magyars. Nantua
23%
N Ville thermale située à huit kilomètres au sud-est de Montluçon. Néris-les-Bains
13%
O Niché dans la superbe vallée du Sioulot, au sud de la chaîne des Puys, la commune est un ravissant village de montagne dévoilant ses habitations sur fond de trachyandésite et de lauzes, mais surtout sa basilique romane, perle des monts Dore. Orcival
13%
V Petit village de montagne haut savoyard, implanté à la frontière franco-suisse, à 15 km au nord-est de Chamonix. Il bénéficie à la fois de l'attraction touristique du site du Mont-Blanc (3e site naturel le plus visité au monde) et de sa situation frontalière Vallorcine
13%
H Située dans le Haut-Bugey, à environ 66 kilomètres de Bourg-en-Bresse, elle résulte de la fusion, en 1942, de deux communes puis d'une seconde fusion, en 1964, qui engloba les communes rurales de Lacoux et Longecombe. Hauteville-Lompnes
11%
L La ville est située au centre d'une petite limagne, au bord de l'Allier, avec une altitude moyenne de 720 mètres. La commune est proche du parc naturel régional Livradois-Forez. Elle se situe à 43 km par la route du Puy-en-Velay, préfecture du département, et à 29 km de Brioude, sous-préfecture Langeac
11%
E La commune se situe à 22 km des Échelles et 24 km de Chambéry, la préfecture du département. Les stations de ski du Désert d'*** et du Le Granier sont situées sur le territoire de la commune. Entremont-le-Vieux
6%
P La commune est un village à l'aspect essentiellement rural de la communauté de communes Ardèche des Sources et Volcans dans le sud du département et dont le bourg central, situé sur une colline, est bordé par l'Ardèche. Prades
4%
U Le village s'accroche à son piton volcanique, dominant le val d'Allier. Usson
4%
Aucun quiz correspondant
Distribution des résultats
% des personnes avec chaque résultat
Percentile par nombre de réponses
Votre historique - résultats
Vous n’avez pas pris ce quiz